Особенности получения эпсилон-фазы оксида железа плазмодинамическим методом; Химия и химическая технология в XXI веке; Т. 2

Detalles Bibliográficos
Parent link:Химия и химическая технология в XXI веке: материалы XXIV Международной научно-практической конференции студентов и молодых ученых имени выдающихся химиков Л. П. Кулёва и Н. М. Кижнера, посвященной 85-летию со дня рождения профессора А. В. Кравцова, Томск, 15-19 мая 2023 г./ Национальный исследовательский Томский политехнический университет (ТПУ) ; Инженерная школа природных ресурсов ; Инженерная школа новых производственных технологий ; Исследовательская школа химических и биомедицинских технологий ; Инженерная школа ядерных технологий.— , 2023
Т. 2.— 2023.— [С. 591-592]
Autor Principal: Циммерман А. И. Александр Игоревич
Outros autores: Шаненков И. И. Иван Игоревич (научный руководитель), Насырбаев А. Артур, Сивков А. А. Александр Анатольевич
Summary:Заглавие с титульного экрана
Idioma:ruso
Publicado: 2023
Series:Перспективные материалы и нанотехнологии
Subjects:
Acceso en liña:http://earchive.tpu.ru/handle/11683/76834
Formato: MixedMaterials Electrónico Capítulo de libro
KOHA link:https://koha.lib.tpu.ru/cgi-bin/koha/opac-detail.pl?biblionumber=636126

MARC

LEADER 00000naa2a2200000 4500
001 636126
005 20260204155327.0
035 |a (RuTPU)RU\TPU\conf\37983 
035 |a RU\TPU\conf\37982 
090 |a 636126 
100 |a 20230629d2023 k y0rusy50 ca 
101 0 |a rus 
102 |a RU 
135 |a drcn ---uucaa 
181 0 |a i  
182 0 |a b 
200 1 |a Особенности получения эпсилон-фазы оксида железа плазмодинамическим методом  |f А. И. Циммерман, И. И. Шаненков, А. Насырбаев  |g науч. рук. А. А. Сивков 
203 |a Текст  |c электронный 
225 1 |a Перспективные материалы и нанотехнологии 
300 |a Заглавие с титульного экрана 
320 |a [Библиогр.: с. 592 (6 назв.)] 
461 1 |0 (RuTPU)RU\TPU\conf\37590  |t Химия и химическая технология в XXI веке  |o материалы XXIV Международной научно-практической конференции студентов и молодых ученых имени выдающихся химиков Л. П. Кулёва и Н. М. Кижнера, посвященной 85-летию со дня рождения профессора А. В. Кравцова, Томск, 15-19 мая 2023 г.  |o в 2 т.  |f Национальный исследовательский Томский политехнический университет (ТПУ) ; Инженерная школа природных ресурсов ; Инженерная школа новых производственных технологий ; Исследовательская школа химических и биомедицинских технологий ; Инженерная школа ядерных технологий  |d 2023 
463 1 |0 (RuTPU)RU\TPU\conf\37592  |t Т. 2  |v [С. 591-592]  |d 2023 
610 1 |a труды учёных ТПУ 
610 1 |a электронный ресурс 
610 1 |a эпсилон-фазы 
610 1 |a оксид железа 
610 1 |a плазмодинамические методы 
610 1 |a синтез 
610 1 |a высокодисперсные материалы 
610 1 |a нанооксиды 
700 1 |a Циммерман  |b А. И.  |c специалист в области электроэнергетики  |c инженер Томского политехнического университета  |f 1996-  |g Александр Игоревич  |3 (RuTPU)RU\TPU\pers\46725  |9 22361 
701 1 |a Шаненков  |b И. И.  |c специалист в области электроэнергетики  |c доцент Томского политехнического университета, кандидат наук  |f 1990-  |g Иван Игоревич  |3 (RuTPU)RU\TPU\pers\31744  |9 15856 
701 1 |a Насырбаев  |b А.  |c специалист в области электроэнергетики  |c инженер-исследователь Томского политехнического университета  |f 1998-  |g Артур  |3 (RuTPU)RU\TPU\pers\46733  |9 22369 
702 1 |a Сивков  |b А. А.  |c специалист в области электроэнергетики  |c профессор Томского политехнического университета, доктор технических наук  |f 1951-  |g Александр Анатольевич  |4 727 
801 2 |a RU  |b 63413507  |c 20230803  |g RCR 
856 4 0 |u http://earchive.tpu.ru/handle/11683/76834  |z http://earchive.tpu.ru/handle/11683/76834 
942 |c CF